La Société Anonyme en droit italien (Record no. 152127)

MARC details
000 -LEADER
campo de control de longitud fija 00730nam a22001815i 4500
001 - NÚMERO DE CONTROL
campo de control 152127
003 - IDENTIFICADOR DE NÚMERO DE CONTROL
campo de control ES-MaACL
005 - FECHA Y HORA DE LA ÚLTIMA TRANSACCIÓN
campo de control 20230906204539.0
008 - DATOS DE LONGITUD FIJA--INFORMACIÓN GENERAL
campo de control de longitud fija 051010s1887 sz | |||||||| ||fre d
040 ## - FUENTE DE CATALOGACIÓN
Centro catalogador/agencia de origen CAM
Lengua de catalogación spa
Centro/agencia transcriptor CAM
100 1# - ENTRADA PRINCIPAL--NOMBRE DE PERSONA
Nombre de persona Bing, Felix.
9 (RLIN) 28922
245 13 - MENCIÓN DEL TÍTULO
Título La Société Anonyme en droit italien
Resto del título : étude de législation comparée /
Mención de responsabilidad, etc. par Félix-M. Bing.
260 ## - PUBLICACIÓN, DISTRIBUCIÓN, ETC.
Lugar de publicación, distribución, etc. Genève :
Nombre del editor, distribuidor, etc. Bale :
-- H. Georg ;
Lugar de publicación, distribución, etc. Paris :
Nombre del editor, distribuidor, etc. G. Pedone-Lauriel ;
Lugar de publicación, distribución, etc. Turin :
Nombre del editor, distribuidor, etc. Bocca Fratelli,
Fecha de publicación, distribución, etc. 1887 (
Lugar de fabricación/manufactura Genève :
Fabricante Imprimerie Charles Schuchardt)
300 ## - DESCRIPCIÓN FÍSICA
Extensión 449 p. ;
Dimensiones 23 cm.
650 ## - PUNTO DE ACCESO ADICIONAL DE MATERIA--TÉRMINO DE MATERIA
Término de materia o nombre geográfico como elemento de entrada Derecho mercantil-
Subdivisión geográfica Italia.
9 (RLIN) 11740
650 04 - PUNTO DE ACCESO ADICIONAL DE MATERIA--TÉRMINO DE MATERIA
Término de materia o nombre geográfico como elemento de entrada Sociedades anónimas.
9 (RLIN) 17182
852 ## - LOCALIZACIÓN
Ubicación ES-MaACL
Número de control de estantería F-9938
Nota libre -- Enc. hol., conservando la cub. original
Holdings
Estatus retirado Estado de pérdida Estado de daño No para préstamo Colección Biblioteca de origen Biblioteca actual Ubicación en estantería Fecha de adquisición Fuente de adquisición Total de préstamos Signatura topográfica completa Código de barras Visto por última vez Precio de reemplazo Tipo de ítem Koha
        Libros del s. XIX Biblioteca del Ateneo de Madrid Biblioteca del Ateneo de Madrid Sala Pecera Planta 2 17/01/2008     F-9938 1158817 23/02/2023 23/02/2023 Libro impreso antiguo